[Event "Porto Mannu op 8th"]
[Site "Porto Mannu"]
[Date "2016.06.06"]
[Round "3"]
[White "Frolyanov, Dmitry"]
[Black "Kollars, Dmitrij"]
[Result "1/2-1/2"]
[WhiteElo "2555"]
[BlackElo "2471"]
[Annotator "Souleidis,G"]
[PlyCount "71"]
[EventDate "2016.06.04"]
[EventType "swiss"]
[EventRounds "9"]
[EventCountry "ITA"]
[SourceTitle "CBM 172 Extra"]
[Source "ChessBase"]
[SourceDate "2016.06.21"]
[SourceVersion "1"]
[SourceVersionDate "2016.06.21"]
[SourceQuality "1"]

1. e4 e5 2. Nf3 Nc6 3. Bb5 f5 {Das Jänisch-Gambit ist ein seltener Gast in
der Turnierpraxis aber als Überraschung immer mal gut.} 4. Nc3 fxe4 5. Nxe4
Nf6 {Hat den Zug 5...d5 als Hauptvariante schon längst überholt.} (5... d5 6.
Nxe5 dxe4 7. Nxc6 Qg5 8. Qe2 Nf6 9. f4 $1 Qxf4 10. Nxa7+ $1 (10. Ne5+ c6 11. d4
Qh4+ 12. g3 Qh3 13. Bc4 Be6 14. Bg5 O-O-O 15. O-O-O Bd6 {ist die alte
Hauptvariante, die Weiß keinen Vorteil verspricht.}) 10... Bd7 11. Bxd7+ Kxd7
12. Qb5+ Ke6 13. Qb3+ Kd7 14. Qxb7 $14 {gilt als kritisch, verrät das
LiveBuch von Chessbase.}) 6. Nxf6+ ({Das Bauernopfer nach} 6. Qe2 d5 7. Nxf6+
gxf6 8. d4 Bg7 9. dxe5 O-O {gab Schwarz vor 30 Jahren schon Kompensation und
das Urteil scheint sich bis heute nicht geändert zu haben.}) 6... Qxf6 7. Qe2
Be7 8. Bxc6 bxc6 (8... dxc6 {wurde früher und wird wohl heute noch hin und
wieder gespielt mit der Hoffnung nach} 9. Nxe5 Bf5 {dank des Läuferpaares
genügend Kompensation zu besitzen. Neueste Forschungen haben ergeben, dass
Weiß nach} 10. b3 $1 {nebst Entwicklung des schwarzfeldrigen Läufers nach b2
besser steht.} Bxc2 $6 {funktioniert nicht gut wegen} 11. Bb2 Bf5 (11... O-O-O
12. d3 Bb4+ 13. Kf1 Rhe8 14. Qg4+ Re6 15. Qxb4 Rxe5 16. Bxe5 Qxe5 17. Re1 Bxd3+
18. Kg1 $16) 12. O-O-O $16 {und der Abzug des Springers stellt eine sehr
starke Drohung dar. Schwarz sollte die Finger von dieser Variante lassen.}) 9.
Nxe5 Qe6 $1 {Das ist präzise. Der Unterschied zu 9...0-0 wird besonders
deutlich, wenn Weiß zu 10.Sc4 greift.} (9... O-O 10. O-O Qe6 11. Re1 Bc5 12.
Nf3 Qxe2 13. Rxe2 $14 {hat sich in der Praxis als vorteilhaft für Weiß
erwiesen.}) 10. Qe3 (10. Nc4 {punktete ganz gut, doch Schwarz sollte nach}
Qxe2+ 11. Kxe2 O-O 12. d3 d5 13. Ne3 Bb7 {genügend Kompensation besitzen, da
Weiß schlecht koordiniert ist.}) 10... O-O 11. O-O Bf6 {Der junge Meister
zeigt sich gut vorbereitet. In einer Vorgängerpartie seines Gegners spielte
Schwarz} (11... c5 {und hatte nach} 12. Nf3 (12. Nd3 {gibt Weiß vielleicht
etwas Vorteil hier.}) 12... Qf7 13. Ng5 Bxg5 14. Qxg5 Bb7 {Frolyanov,D (2577)
-Iljiushenok,I (2426) Moskau 2014, etwas Gegenspiel, das später zum Remis
reichte. Der Textzug scheint noch besser zu sein.}) 12. f4 $6 {Eine
zweifelhafte Neuerung. Gegen das schwarze Läuferpaar sollte Weiß die
Stellung eher geschlossen halten.} (12. Nf3 Qf5 13. d3 d6 14. Rb1 Be6 15. b3
Rae8 16. Qf4 Qh5 {gab Schwarz in Lengyel,B (2260)-Lyell,M (2184) Budapest 2012,
offensichtlich genügend Gegenspiel für den Bauern.}) (12. Re1 {ist der
kritische Zug, der in einigen Fernschachpartien gespielt wurde, allerdings
ohne großen Erfolg.}) 12... c5 $1 13. Nf3 d6 (13... Qd5 $1 14. c3 Bb7 $15 {
sieht schon sehr ungemütlich aus für Weiß, da er unterentwickelt ist und
die schwarzen Läufer bedrohlich in die weiße Stellung schauen.}) 14. Re1 $6 {
Weiß hätte fix die Damen tauschen sollen, um das schwarze Angriffspotential
zu verringern.} (14. Qxe6+ Bxe6 15. d3 $11) 14... Qd5 15. d3 Bg4 16. c4 Qh5 17.
h3 Bd7 (17... Bf5 $1 18. Bd2 (18. Kh2 $2 Rae8 $19) 18... Qg6 19. Kh2 Bxd3 $17 {
gewinnt den Bauern zurück mit besserer Stellung.}) 18. Kh2 $6 (18. Bd2 Bxb2
19. Rab1 Rae8 20. Qf2 Bf6 $15) 18... Rae8 19. Qf2 Rxe1 20. Nxe1 Re8 ({Schade.
Nach} 20... g5 $1 {fällt es schwer sich vorzustellen, dass Weiß den Angriff
überlebt hätte, z.B.} 21. Bd2 Re8 22. Bc3 Bxc3 23. bxc3 g4 (23... Bxh3 $17)
24. Qg3 Kf8 25. Rb1 gxh3 26. Nf3 hxg2+ 27. Kxg2 Re2+ 28. Kg1 Qe8 $17) 21. Be3 {
Das ist der Unterschied. Jetzt kann Weiß den Läufer auf der e-Linie
dazwischen stellen.} Bc6 (21... g5 22. fxg5 Be5+ 23. Kg1 Rf8 24. Nf3 Bxh3 25.
Qh4 Qxh4 26. Nxh4 Bg4 $15) 22. Rb1 h6 23. b3 Qg6 (23... g5 24. fxg5 Be5+ 25.
Kg1 Rf8 26. Nf3 hxg5 27. Rf1 g4 28. hxg4 Qxg4 $15 {sieht immer noch
gefährlich aus für Weiß.}) 24. Rd1 Bh4 $6 {Damit lässt Schwarz die Partie
ins Remis abgleiten.} (24... a5 $15 {nebst 25...a4 tauscht den a-Bauern und
schafft eine Schwäche auf b3.}) 25. Qxh4 Rxe3 26. Rd2 Qe8 27. Nf3 $6 {Gibt
Schwarz eine weitere Chance.} (27. Nc2 Re2 28. Rxe2 Qxe2 29. Qg4 Qxc2 30. Qc8+
Kh7 31. Qf5+ {führt zum Remis durch Dauerschach.}) 27... Bxf3 28. gxf3 Re2+ $6
({Warum nicht} 28... Rxf3 $2 {Schwarz verfügt über die aktiveren
Schwerfiguren und der weiße König ist anfälliger als der schwarze, z.B.} 29.
Qg4 Re3 30. Rg2 Qf7 31. Rg3 Re6 $15) 29. Rxe2 Qxe2+ {Jetzt endet die Partie
bald durch Dauerschach.} 30. Kg3 Qxd3 31. Qd8+ Kh7 32. Qxc7 Qg6+ 33. Kf2 Qc2+
34. Kg3 Qg6+ 35. Kf2 Qc2+ 36. Kg3 1/2-1/2

[Event "Macedonia-chT"]
[Site "Struga"]
[Date "1998.??.??"]
[Round "?"]
[White "Tiviakov, Sergei"]
[Black "Inkiov, Ventzislav"]
[Result "1-0"]
[WhiteElo "2640"]
[BlackElo "2495"]
[Annotator "Tiviakov,S"]
[PlyCount "97"]
[EventDate "1998.??.??"]
[EventType "team"]
[EventRounds "1"]
[EventCountry "MKD"]
[SourceTitle "CBM 065"]
[Source "ChessBase"]
[SourceDate "1998.08.06"]
[SourceVersion "1"]
[SourceVersionDate "1998.08.06"]
[SourceQuality "1"]

1. e4 e5 2. Nf3 Nc6 3. Bb5 f5 4. Nc3 fxe4 5. Nxe4 d5 6. Nxe5 dxe4 7. Nxc6 Qg5
8. Qe2 Nf6 9. f4 Qxf4 10. Ne5+ c6 11. d4 Qh4+ 12. g3 Qh3 13. Bc4 Be6 14. Bg5
O-O-O 15. O-O-O Bd6 16. Qf1 $1 Rhe8 17. Bxf6 $1 gxf6 $6 (17... Qh6+ $142 18.
Kb1 (18. Rd2 $5 Bb4 19. Bxe6+ (19. c3 $6 Rxd4 20. Qf4 Qxf4 21. gxf4 Rxd2 22.
Bh4 Bxc3 23. bxc3 e3 24. Re1 Rxh2 25. Nf3 Rg2 26. Rxe3 Bf7 27. Rxe8+ Bxe8 28.
Be1 b5 29. Bg8 Bg6 30. Be6+ Kc7 31. f5 Be8 32. Bd2 Bd7 33. Bf4+ Kd8 34. Bd6 h5
35. Ne5 Bxe6 36. fxe6 h4 37. Nxc6+ Ke8 38. Nd4 a6 39. e7 Rg6 40. Nf5 h3 41. a4
bxa4 42. Bc7 Rg2 43. Bd8 Kd7 44. Nd6 Re2 {0-1 Blatny,Pavel-Klinger,Josef/Bad
Woerishofen (Germany) 1990}) 19... Rxe6 20. Bxd8 Qxd2+ 21. Kb1 Qxd4 22. Nf7 e3
23. Qf5 Qd7 24. Ng5 $1 Re8 $1 (24... Rd6 25. Qxd7+ Rxd7 26. c3 e2 27. Kc2 Bc5
28. Ne4 $1 $18 {YB/16}) (24... Rg6 25. Qxd7+ Kxd7 26. Nf7 Ke8 27. c3 Bc5 28.
Ne5 Re6 29. Bc7 $18 {YB/16}) 25. Qxd7+ Kxd7 26. c3 (26. Rd1+ Bd2 27. Ba5 e2 28.
Rxd2+ Kc8 29. Rxe2 Rxe2 30. b3 Rxh2 31. Bc3 $14 {YB/16}) 26... e2 27. Re1 Bc5
28. Ba5 b6 29. Bb4 Bf2 30. c4 Bxe1 31. Bxe1 h6 32. Nh3 $14 {YB/16}) 18... Qxf6
19. Qxf6 gxf6 20. Bxe6+ Rxe6 21. Nf7 Rf8 (21... Rd7 22. Nh6 $14) 22. Nxd6+ Rxd6
23. c3 $14 {_|_ /\Rhf1, Rde1, Rf4}) 18. Nf7 Qxf1 19. Bxe6+ $1 $146 (19. Nxd6+
Rxd6 20. Bxe6+ Rexe6 21. Rhxf1 Rd5 $11 22. b4 a5 23. a3 axb4 24. axb4 Kd7 25.
c4 Rh5 26. Rd2 Ke7 27. Kc2 Kf7 28. Kc3 Kg6 29. Rdf2 b5 30. h4 bxc4 31. Rf4 Rd5
32. Re1 f5 33. g4 e3 34. gxf5+ Rxf5 35. Rg4+ Kh5 36. Rg2 Re4 37. Rge2 Rff4 38.
Rxe3 Rxd4 39. Re5+ Kxh4 40. Rh1+ Kg4 41. Rg1+ Kf3 42. Rf1+ Kg3 43. Rxf4 Rxf4
44. Re6 h5 45. Rxc6 h4 46. b5 h3 47. Rg6+ Rg4 48. Rxg4+ Kxg4 49. b6 h2 50. b7
h1=Q 51. b8=Q Qc1+ 52. Kd4 Qf4+ 53. Qxf4+ {1/2-1/2 Kholmov,Ratmir D-Ageichenko,
Genadi A/Moscow (Russia) (5) 1996}) 19... Rxe6 20. Rhxf1 Rd7 (20... Rf8 21. Nh6
$16 {/\Nf5}) 21. Nh6 (21. Nxd6+ Rdxd6 $14 {/\Rd5}) 21... e3 22. Rde1 $1 (22.
Rfe1 Bf8 23. Nf5 Rd5 24. Nxe3 (24. g4 h5 25. h3 hxg4 26. hxg4 Re4 $11) 24...
Bh6 $11) 22... Bf8 23. Nf5 c5 24. c3 $8 cxd4 25. Nxd4 Re4 (25... Ra6 26. a3 $5
(26. Kc2 $5 Rxa2 $140 27. Rxe3 $16) 26... Bc5 $140 27. Nb3 Bb6 28. Rxf6 $16 (
28. Rf4 $16 {צa6})) 26. Kc2 $5 (26. Rxf6 Bg7 27. Rf3 (27. Rf4 Rxf4 28. gxf4
Bxd4 29. cxd4 Rxd4 30. Rxe3 Rxf4 $11) 27... Bxd4 28. cxd4 e2 (28... Rde7 29.
Kc2 {/\Kd3}) (28... Rc7+ 29. Kb1 e2 30. Rf2 Rce7 31. Kc2 $16) 29. Rf2 Rde7 (
29... Rc7+ 30. Kd2 Rxd4+ 31. Kxe2 Rc2+ 32. Kf1 Rxf2+ 33. Kxf2 Rd2+ 34. Re2 $18)
30. Kc2 $16 {/\31.Kd3 Re3 32.Kd2, ><e2}) 26... Bc5 27. Kd3 Rg4 (27... Rde7 28.
Re2 $18 {/\Rf3, ><e3}) (27... Rexd4+ 28. cxd4 Rxd4+ 29. Kxe3 $18) 28. Rf4 $8
Rxf4 29. gxf4 Bxd4 (29... Bd6 30. Rf1 $18 {(><e3)} (30. Rxe3 Bxf4 31. Re8+ Kc7
$8) 30... Re7 $140 31. Nf5) 30. cxd4 Rg7 $6 (30... Rd5 $142 31. Kxe3 (31. Rxe3
Rh5 $16) 31... Kd7 $16 (31... Rh5 32. Re2 $1 {Kf3-g4})) 31. Rxe3 Kd7 (31... Rg2
32. Re2 $18 {/\Ke4-f5}) 32. Rg3 $1 Re7 (32... Rf7 $142) 33. Rh3 $18 Kd6 34. Rh6
Ke6 35. Ke4 Rf7 36. b3 $1 b6 37. h4 Re7 38. d5+ Kd6+ 39. Kf5 Kxd5 40. h5 Kd4
41. Rxf6 Kc3 42. Rd6 Re2 43. Rc6+ Kb2 44. Rc7 a5 45. Rb7 Rh2 46. Kg5 Rg2+ 47.
Kh6 Rf2 48. Rxb6 Rxf4 49. Kxh7 1-0

[Event "Groningen op-A 48th"]
[Site "Groningen"]
[Date "2011.12.28"]
[Round "7"]
[White "Tiviakov, Sergei"]
[Black "Bok, Benjamin"]
[Result "1-0"]
[WhiteElo "2650"]
[BlackElo "2513"]
[Annotator "Tiviakov,S"]
[PlyCount "105"]
[EventDate "2011.12.21"]
[EventType "swiss"]
[EventRounds "9"]
[EventCountry "NED"]
[SourceTitle "CBM 146"]
[Source "ChessBase"]
[SourceDate "2012.01.18"]
[SourceVersion "1"]
[SourceVersionDate "2012.01.18"]
[SourceQuality "1"]

1. e4 e5 2. Nf3 Nc6 3. Bb5 f5 4. Nc3 fxe4 5. Nxe4 Nf6 6. Nxf6+ Qxf6 7. Qe2 Be7
8. Bxc6 bxc6 9. Nxe5 (9. d4 Qg6 10. O-O O-O 11. dxe5 d6 $44) 9... Qe6 10. Nc4
$146 Qxe2+ (10... d5 11. Qxe6 Bxe6 12. Ne5 Bf6 13. f4 (13. Nxc6 Kd7 14. Na5
Rhe8 15. Kd1 c5 $44) 13... Bxe5 14. fxe5 d4 (14... Rf8 15. d4 c5 16. c3 $16)
15. d3 (15. O-O $142 $5 d3 $140 (15... Rd8 16. b3 $16) 16. cxd3 O-O-O 17. Rf3
Rd5 18. b3 (18. d4 Rxd4 19. Rg3 g6 $14 20. Ra3 Kb7 21. d3 Rhd8 22. Be3 Rxd3 23.
Rxa7+ Kb8 $11) 18... Rhd8 (18... Rxe5 19. Re3 Rxe3 20. dxe3 $16) 19. Bb2 Rxd3
20. Rxd3 Rxd3 21. Bc3 $16) (15. b3 $5) 15... Rf8 $14 16. b3 Rf5 17. Ba3 O-O-O
18. Rf1 Rh5 19. h3 Rd5 20. Kd2 c5 21. Rae1 Kd7 22. Kd1 Rdxe5 23. Rxe5 Rxe5 24.
Bc1 Bd5 25. Rf2 Re6 26. Rf7+ Re7 27. Rxe7+ Kxe7 28. g3 Bg2 29. h4 Bf3+ 30. Ke1
Ke6 31. Bf4 c6 32. Bb8 a6 33. Ba7 Kd5 34. Kd2 Ke5 {1/2-1/2 Dominguez Perez,
L-Fressinet,L/San Sebastian ESP 2012/The Week in Chess 895 (34)}) 11. Kxe2 O-O
12. d3 (12. b3 d5 (12... Ba6 13. d3 Bf6 14. Rb1 Rae8+ 15. Kd1 d5 16. Nd2 $16)
13. Ne3 (13. Ne5 Bc5 14. Nd3 Ba6 $11) 13... Ba6+ 14. c4 (14. d3 Bf6 15. Rb1
Rae8 16. Kf1 Bc3 17. Ba3 Rf6 18. Bc5 d4 $11) 14... d4 $44 15. Nf1 (15. Nc2 d3+
(15... Rae8 16. Kf1 Bc8 17. Bb2 c5 $44) 16. Kxd3 Rxf2 $15) 15... d3+ $44 (15...
Rae8 16. f3 $14)) 12... Bf6 13. Rb1 (13. Ne3 d5 14. c3 (14. Re1 Be6 15. c3 (15.
Rb1 d4 16. Nc4 Bh4 17. g3 Rae8 $15) 15... c5 16. Nc2 d4 $44) 14... Bd7 (14...
d4 15. cxd4 Bxd4 16. Rb1 Be6 17. b3 $16) (14... Be6 15. d4 $16) 15. d4 Rae8 16.
Rd1 c5 17. dxc5 Bh4 $44) (13. c3 $5) (13. Re1 $5) 13... d5 14. Ne3 (14. Na5 $5
c5 (14... Bd7 15. Nb3 Rae8+ 16. Kd1 $16) (14... Bg4+ 15. f3 Rae8+ 16. Kd1 Bc3 (
16... Bd7 17. Nb3 $16) 17. Bd2 Rxf3 18. gxf3 Bxf3+ 19. Kc1 Bxa5 20. Rf1 Be2 21.
Rf4 Bb6 22. b4 h6 23. a4 $16) 15. Be3 (15. f3 Re8+ 16. Kd1 Rb8 17. Re1 Rxe1+
18. Kxe1 Bc3+ 19. Bd2 Rxb2 20. Rxb2 Bxb2 21. Nc6 Kf7 22. Nxa7 Bd7 $14) 15... d4
16. Bd2 Be6 17. Nc4 Rae8 18. Kd1 Bd5 19. f3 g5 $14 20. h3 h5 21. b3 g4 22. hxg4
hxg4 23. fxg4 Bxg2 24. Rg1 Bf3+ 25. Kc1 Bh4 26. Rf1 $14) 14... Bd7 (14... Be6
$5 15. f3 c5 (15... Rae8)) 15. f3 (15. c3 Rae8 16. d4 (16. f3 c5) 16... c5 17.
dxc5 Bb5+ 18. Ke1 d4 19. cxd4 Bd3 20. Ra1 Bxd4 $44) 15... Rae8 16. Kf2 (16. Kd1
Bh4 17. c3 (17. Rf1 Rf7 18. c3 Rfe7 19. g3 Bf6 20. Re1 c5 21. Nc2 Bf5 22. Rxe7
Rxe7 23. Kd2 c4 $15) (17. Bd2 Rf7 18. c3 Rfe7 19. g3 Bg5 20. Nxd5 cxd5 21. Bxg5
Re2 22. Bd2 Rf2 $11) 17... Rf7 18. g3 Be7 (18... Bf6 19. Bd2 d4 20. Nc2 c5 21.
Re1 $16) 19. Ke2 (19. f4 g5 20. Rf1 Bc5 21. d4 gxf4 22. gxf4 Bd6 $11) 19... d4
20. cxd4 Bf6 21. Re1 Bxd4 $11) 16... Rf7 $1 (16... d4 17. Nf1 $16) (16... Bd4
17. c3 $16) 17. Bd2 Bh4+ 18. g3 Be7 19. c3 $6 (19. Rbe1 Bc5 20. c3 Ref8 21. f4
g5 22. d4 gxf4 23. dxc5 fxe3+ 24. Kxe3 Rf2 25. Bc1 $14) (19. Ng2 Bg4 $1 20. f4
(20. Nf4 Rxf4 $3 $19) 20... Bc5+ 21. Ne3 g5 $11) (19. Rhe1 $142 Bc5 (19... g5
20. Ng2 $16 (20. Kg2 $16)) 20. b4 Bb6 21. c4 Bd4 22. f4 dxc4 (22... g5 23. Kf3
$16) (22... Rfe7 23. Kf3 Be6 24. cxd5 $16) 23. dxc4 c5 24. bxc5 Bc6 25. Kf1 Be4
26. Rb3 $16) (19. h4 $142 Bc5 20. Rhe1 Bg4 21. f4 Rfe7 22. b4 Bb6 23. a4 a6 24.
Rbc1 $16 {/\c3, d4} (24. c3 $2 Bf5 $15)) 19... Ref8 (19... g5 $5) 20. f4 g5 21.
Rhg1 Kh8 (21... gxf4 $142 22. gxf4+ Kh8 23. Ng2 Bf5 24. Ke2 (24. Be3 Bxd3 25.
Rbd1 Be4 $11) 24... Bg4+ 25. Ke1 Bf5 26. Ke2 (26. Be3 Bxd3 27. Rd1 Be4 $11)
26... Bg4+ $11) 22. Ng2 Bf5 23. Ke2 $1 (23. Be3 Bxd3 24. Rbd1 Be4 $11) 23...
Bg4+ 24. Ke1 $1 (24. Kf2 Bf5 $11) 24... Bf5 25. Be3 Bxd3 26. Rd1 Be4 (26... Bc2
$5 27. Rd2 Bb1 28. a3 gxf4 29. Nxf4 a6 30. Ne6 Re8 $14) 27. fxg5 Bf3 (27... a6
$44) (27... Kg8 $5 $44) (27... a5 $44) 28. Rd3 (28. Rd4 $5 $14) 28... Re8 29.
Kd2 Be4 (29... Bxg5 $142 30. Bxg5 Re2+ 31. Kc1 Bxg2 32. Be3 $14 (32. Rd2 Rff2
33. Rxe2 Rxe2 $11)) 30. Rd4 Rb8 (30... Bxg5 31. Bxg5 Rf2+ 32. Ke1 Rxg2 33. Rxg2
Bxg2+ 34. Kf2 $16) 31. Kc1 $5 $14 (31. b3 $16) 31... Ba3 $4 32. Rxe4 $18 Rxb2 (
32... Bxb2+ 33. Kc2 dxe4 34. Rb1 $18) 33. Bd4+ (33. Re8+ Kg7 34. Kd1 c5 (34...
Rxa2 35. Bd4+ Kg6 36. Nf4+ $18) 35. Nf4 Rxa2 36. Nh5+ Kg6 37. Re6+ Kf5 38. Ra6
$18) 33... Kg8 34. Re8+ Rf8 35. Rxf8+ Kxf8 36. Kd1 (36. Nf4 $18) 36... c5 37.
Be3 Rxa2 38. Rf1+ (38. Nf4 c6 39. Rg2 $18) 38... Ke8 39. Rf2 Ra1+ 40. Ke2 a5
41. Rf6 Bb2 42. Bxc5 Bxc3 43. Ra6 d4 44. Nf4 Re1+ 45. Kd3 Rd1+ 46. Kc4 Rd2 47.
h4 Kd7 48. Ne6 Rg2 49. Nxd4 Bxd4 50. Bxd4 Rxg3 51. Rh6 a4 52. Rxh7+ Kc6 53.
Rxc7+ 1-0

[Event "RUS-ch51"]
[Site "St Petersburg"]
[Date "1998.07.29"]
[Round "2"]
[White "Dvoirys, Semen I"]
[Black "Karpatchev, Aleksandr"]
[Result "1-0"]
[WhiteElo "2585"]
[BlackElo "2515"]
[Annotator "Wedberg,T"]
[PlyCount "103"]
[EventDate "1998.07.28"]
[EventType "swiss"]
[EventRounds "11"]
[EventCountry "RUS"]
[SourceTitle "CBM 067"]
[Source "ChessBase"]
[SourceDate "1998.11.30"]
[SourceVersion "2"]
[SourceVersionDate "1998.11.01"]
[SourceQuality "1"]

{[%mdl 4120]} 1. e4 e5 2. Nf3 Nc6 3. Bb5 f5 4. Nc3 fxe4 5. Nxe4 d5 6. Nxe5 dxe4
7. Nxc6 Qg5 8. Qe2 Nf6 9. f4 Qxf4 10. Ne5+ c6 11. d4 Qh4+ 12. g3 Qh3 13. Bc4
Be6 14. Qf1 $146 {A well known idea, but new in this position. White goes
directly for an ending with an isolated black passed P on e4.} (14. Bg5 O-O-O
15. O-O-O Bd6 {Here White has a wide choice of moves, including 16.g4, 16.Bxf6
and 16.Nf7. I only give some recent examples with moves that seem to give
White chances for an advantage. The common factor between these lines is that
White tries to get into an ending with as few pieces as possible.} 16. Bxe6+ (
16. Qf1 Rhe8 17. Bxf6 (17. Qxh3 Bxh3 18. Nf7 Rd7 19. Nxd6+ Rxd6 20. Bf4 Rd7 21.
Rhe1 $14) 17... gxf6 (17... Qh6+ 18. Kb1 (18. Rd2 $2 Bb4 19. c3 Rxd4 20. Qf4
Qxf4 21. gxf4 Rxd2 22. Bh4 Bxc3 23. bxc3 e3 $19 {0-1 Blatny,P-Klinger,J/Bad
Woerishofen 1990/EXT 90op (44)}) 18... Qxf6 19. Qxf6 gxf6 20. Bxe6+ Rxe6 21.
Nf7 Rf8 22. Nxd6+ Rxd6 23. c3 $14 {Tiviakov,S}) 18. Nf7 Qxf1 19. Bxe6+ (19.
Nxd6+ Rxd6 20. Bxe6+ Rexe6 21. Rhxf1 Rd5 $11 {1/2-1/2 Kholmov,Ratmir
D-Ageichenko,Genadi A/Moscow (Russia) (5) 1996 (52)}) 19... Rxe6 20. Rhxf1 $14
{1-0 Tiviakov,S-Inkiov,V/Struga 1998/CBM 65/[Tiviakov] (49)}) 16... Qxe6 17.
Qc4 Rhe8 18. Qxe6+ Rxe6 19. Nc4 Be7 20. c3 Nd5 (20... Ng4 $5 21. Bxe7 Rxe7 22.
Rd2 $13) 21. Bxe7 Rxe7 22. Kd2 $14 {1-0 Van Riemsdijk,H-Martins,C/Rio de
Janeiro 1998/EXP 63 (60)}) 14... Qxf1+ $6 (14... O-O-O $2 15. Qxh3 Bxh3 16. c3
$1 (16. Nf7 Rxd4 17. Bb3 Rg8 18. Ng5 Bg4 19. Be3 Rd5 20. Bxd5 Nxd5 $44) 16...
Re8 17. Nf7 Rg8 18. Ng5 $18) (14... Nd5 $142 15. Bg5 Bd6 16. O-O-O h6 $13) 15.
Rxf1 Bxc4 $6 {Black plays into White's hands. The fewer pieces, the weaker the
e4-P.} (15... Nd5 $142) 16. Nxc4 {White already has an easy game with his K
well placed in front of the passed P.} c5 17. Be3 Rc8 18. dxc5 Bxc5 19. Bxc5
Rxc5 20. Ne3 $16 {><e4} h5 21. Rd1 O-O 22. Ke2 Rfc8 23. c3 Ra5 24. a3 Rb5 25.
Rd2 a5 26. Rf5 Rxf5 27. Nxf5 Rc5 28. Nd6 b5 29. Ke3 g5 30. h3 (30. Nxe4 $6 Re5
31. Rd4 Ng4+ 32. Kd3 Nxh2 $11) 30... Kg7 31. Rf2 Rd5 (31... Re5 32. Rf5 Rxf5
33. Nxf5+ Kg6 34. Nd6 $16) 32. Nxe4 Nxe4 33. Kxe4 Rd1 34. Rf5 Re1+ 35. Kd4 Kg6
36. Rxb5 $18 Rg1 37. Ke4 Rxg3 38. Rb6+ Kg7 39. Kf5 Kf7 40. Rb7+ Ke8 41. a4 h4
42. Rb5 Rxh3 43. Kxg5 Rh1 44. Rxa5 h3 45. Kh4 Kd7 46. Kg3 Kc6 47. b4 Kb6 48.
Rc5 Kb7 49. a5 Ka6 50. c4 h2 51. Rc6+ Kb7 52. Rb6+ 1-0

[Event "Sao Paulo zt"]
[Site "Sao Paulo"]
[Date "1993.??.??"]
[Round "1"]
[White "Milos, Gilberto"]
[Black "Van Riemsdijk, Herman Claudius"]
[Result "1-0"]
[WhiteElo "2560"]
[BlackElo "2400"]
[Annotator "Wedberg,T"]
[PlyCount "45"]
[EventDate "1993.??.??"]
[EventType "swiss"]
[EventRounds "9"]
[EventCountry "BRA"]
[SourceTitle "CBM 036"]
[Source "ChessBase"]
[SourceDate "1993.10.01"]
[SourceVersion "1"]
[SourceVersionDate "1993.10.01"]
[SourceQuality "1"]

1. e4 e5 2. Nf3 Nc6 3. Bb5 f5 4. Bxc6 dxc6 5. Nc3 Nf6 6. Qe2 fxe4 7. Nxe4 Bg4
8. h3 Bh5 (8... Bxf3 $1 9. Qxf3 Qd5 10. d3 Be7 $10) 9. d3 Qd5 10. g4 Bf7 11. c4
$1 $146 (11. Nc3 Bb4 12. Qxe5+ Kd7 13. Qxd5+ Bxd5 14. Ke2 Bxc3 15. bxc3 Rhf8 {
Nicevski-Velimirovic, Yugoslav Ch 1981}) 11... Bb4+ 12. Bd2 Bxd2+ $6 (12... Qa5
13. Nxe5 (13. Nc3 $6 O-O-O 14. Nxe5 (14. a3 Bg6 $1 $40) 14... Rhe8 15. f4 Bg6
$40) 13... Qxe5 (13... Bxd2+ 14. Nxd2 O-O 15. O-O $16) 14. Nxf6+ (14. Bxb4 Nxe4
15. dxe4 O-O-O $132) 14... gxf6 15. Qxe5+ fxe5 16. Bxb4 O-O-O {+/= ><d3, ^-})
13. Nexd2 Qe6 14. Nxe5 O-O-O 15. f4 h5 $2 (15... Rhe8 16. Ndf3 h6 17. O-O-O $16
) 16. Ndf3 $1 $18 Be8 17. Ng5 Qe7 18. O-O-O Rd4 19. Qf2 Qd6 20. Ne6 $1 Rxf4 21.
Qxa7 Qxe5 22. Rhe1 Qd6 23. Qa8+ 1-0

[Event "Redbus KO"]
[Site "Southend"]
[Date "1999.04.05"]
[Round "4.1"]
[White "Plaskett, H James"]
[Black "Lalic, Bogdan"]
[Result "1/2-1/2"]
[WhiteElo "2483"]
[BlackElo "2549"]
[Annotator "Wedberg,T"]
[PlyCount "119"]
[EventDate "1999.04.??"]
[EventType "k.o."]
[EventRounds "4"]
[EventCountry "ENG"]
[SourceTitle "CBM 071"]
[Source "ChessBase"]
[SourceDate "1999.08.01"]
[SourceVersion "1"]
[SourceVersionDate "1999.08.01"]
[SourceQuality "1"]

1. e4 e5 2. Nf3 Nc6 3. Bb5 f5 4. Nc3 fxe4 5. Nxe4 d5 6. Nxe5 dxe4 7. Nxc6 Qg5
8. Qe2 Nf6 9. f4 Qxf4 10. d4 Qh4+ 11. g3 Qh3 12. Ne5+ c6 13. Bc4 Be6 14. Bg5
Bd6 15. O-O-O O-O $146 {[%mdl 8] A new move in a well known position. Black
wants to save time by occupying the f-file immediately. The move Nf7, which
can be a problem in many cases after the standard 15. - 0-0-0, is also
prevented. Unfortunately for Black another good N-move has become possible.} (
15... O-O-O 16. Qf1 Rhe8 17. Bxf6 gxf6 (17... Qh6+ 18. Kb1 Qxf6 19. Qxf6 gxf6
20. Bxe6+ Rxe6 21. Nf7 Rf8 (21... Rd7 22. Nh6 $14) 22. Nxd6+ Rxd6 23. c3 $14)
18. Nf7 Qxf1 19. Bxe6+ Rxe6 20. Rhxf1 Rd7 21. Nh6 $14 {1-0 Tiviakov,S-Inkiov,V/
Struga 1998/CBM 65/[Tiviakov] (49)}) 16. Ng4 $1 $14 {This simplifies the
position and leaves White with a slight but pleasant endgame advantage.} (16.
Bxf6 gxf6 17. Ng4 Bxc4 18. Qxc4+ Kh8 {Is more unclear since the N is weaker
than the B.}) 16... Bxc4 17. Nxf6+ Rxf6 (17... gxf6 18. Qxc4+ Kg7 19. Be3 $14 {
Black´s e-P isn´t so weak here but instead the f-P is vulnerable and the black
K-position is slightly exposed.}) 18. Qxc4+ Qe6 19. d5 $1 (19. Qxe6+ Rxe6 20.
Be3 Rf6 $13) 19... cxd5 20. Qxd5 Qxd5 21. Rxd5 Re6 22. Rhd1 Bf8 23. Be3 $14 {
The e4-P is a weakness. White is clearly slightly better.} a6 24. c3 b5 25. Kd2
Rc8 26. a3 Be7 27. Ke2 h6 28. Rd7 h5 29. R1d5 g6 30. Bf4 Rcc6 31. Rb7 Kf8 32.
Be5 Ke8 33. Bd4 Bd6 34. Ke3 Kd8 35. Rf7 (35. Rb6 $2 Kc7 36. Rxc6+ Kxc6 37. Rg5
Be7 38. Re5 Rxe5 39. Bxe5 Kd5 $15) 35... Ke8 36. Rh7 Kd8 37. h3 (37. g4 hxg4
38. Rg5 g3 39. hxg3 $16 {/\Rh4xe4}) 37... Kc8 38. g4 hxg4 39. hxg4 Bc7 40. g5
Rcd6 41. Re5 $6 (41. Rxc7+ $1 Kxc7 42. Be5 Rxe5 43. Rxe5 $16) 41... Bd8 $1 $132
{><g5} 42. Rh6 (42. Rg7 $142) 42... Kd7 (42... Rxe5 43. Bxe5 Bxg5+ 44. Kxe4
Bxh6 45. Bxd6 Kd7 $15) 43. Rh7+ Kc8 44. Rc5+ Rc6 45. Rd5 Rcd6 46. Rc5+ Rc6 47.
Rxc6+ Rxc6 48. Kxe4 Bxg5 $14 {Acitve pieces and passive black K.} 49. Kd5 Rc7
50. Rh8+ Kb7 51. Rg8 Rd7+ 52. Ke6 Rh7 (52... Kc6 $142) 53. b3 (53. Rxg6 Bc1 54.
Rg2 $14) 53... Bc1 54. a4 bxa4 55. bxa4 g5 $11 56. Rg6 Bf4 57. Kd5 Rd7+ 58. Ke4
Rd6 59. Rg7+ Kc8 60. Rg8+ 1/2-1/2